Análisis de la acción colectiva y lineamientos para el diseño e implementación de un plan de comanejo de bejucos con artesanos de Filandia y Circacia-Quindio : (Registro nro. 5515)

Detalles MARC
000 -CABECERA
Campo de control 01060nam a2200277 a 4500
005 - FECHA Y HORA DE LA ULTIMA TRANSACCION
Campo de control 20141209151244.0
008 - ELEMENTOS DE LONGITUD FIJA—INFORMACION GENERAL
Campo de control 141124b2006 ck ||||| |||| 00| 0 spa d
040 ## - FUENTE DE CATALOGACIÓN
Agencia transcriptora CO-BoIH
041 ## - IDIOMA
Código de idioma para texto/pista de sonido o título separado Español
044 ## - PAÍS DE PUBLICACIÓN
País de publicación Colombia
090 ## - CLASIFICACIÓN LOCAL
Colección IAVH
Consecutivo 00598
100 1# - ASIENTO PRINCIPAL--NOMBRE PERSONAL
Nombre personal Maya Velez, Diana Lucía
245 10 - MENCION DE TITULO
Título Análisis de la acción colectiva y lineamientos para el diseño e implementación de un plan de comanejo de bejucos con artesanos de Filandia y Circacia-Quindio :
Parte restante del título informe final
260 ## - PUBLICACION, DISTRIBUCION, ETC. (PIE DE IMPRENTA)
Lugar de publicación, distribución, etc. Bogotá :
Nombre del editor, distribuidor, etc. Instituto Alexander von Humboldt,
Fecha de publicación, distribución, etc. 2007.
300 ## - DESCRIPCION FISICA
Extensión 96 p.
Dimensiones 28 cm.
500 ## - NOTA GENERAL
Nota general En el marco del proyecto Conservación y uso sostenible de la biodiversidad de los Andes Colombianos.
650 04 - ASIENTO SECUNDARIO DE MATERIA - TERMINO TEMATICO
Término temático o nombre geográfico como elemento de entrada Bejucos
Subdivisión general planes de manejo
650 04 - ASIENTO SECUNDARIO DE MATERIA - TERMINO TEMATICO
Término temático o nombre geográfico como elemento de entrada Artesanías
651 ## - ASIENTO SECUNDARIO DE MATERIA - NOMBRE GEOGRAFICO
Nombre geográfico Colombia
Subdivisión geográfica Filandia (Dpto. Quindío)
651 ## - ASIENTO SECUNDARIO DE MATERIA - NOMBRE GEOGRAFICO
Nombre geográfico Colombia
Subdivisión geográfica Circacia (Dpt. Quindío)
700 1# - ASIENTO SECUNDARIO - NOMBRE PERSONAL
Nombre personal Castillo Brieva, Daniel
700 1# - ASIENTO SECUNDARIO - NOMBRE PERSONAL
Nombre personal Ramos, Pablo
700 ## - ASIENTO SECUNDARIO - NOMBRE PERSONAL
Nombre personal Alayón, Laura
942 ## - ELEMENTOS ADICIONALES (KOHA)
Tipo de ítem Informe Técnico
Sistema de clasificación Local
945 ## - PROCESAMIENTO LOCAL
AAAA-MM-DD - Fecha de ingreso o modificacion 2007-05-16
Existencias
Withdrawn status Lost status Sistema de Clasificación Damaged status No para préstamo Colección Inventariado Ubicación Permanente Ubicación actual Fecha de adquisición Total Checkouts Número topográfico Inventario / Código de Barras Date last seen Ejemplar Price effective from Forma de adquisición Tipo de material
    Local     Humboldt Inventariado 2017 Villa de Leyva Villa de Leyva 16/05/2007   IAVH-00598 024314 09/08/2024 Ej. 1 04/12/2012   Informe Técnico